MARC

LEADER 00000nam0a2200000 4500
001 261758
005 20231101233606.0
010 |a 528303898X 
035 |a (RuTPU)RU\TPU\book\284739 
090 |a 261758 
100 |a 20140527d1988 k y0rusy50 ca 
101 0 |a rus 
102 |a RU 
105 |a a z 001zy 
200 1 |a Электроразрядные эксимерные лазеры на галогенидах инертных газов  |f В. Ю. Баранов, В. М. Борисов, Ю. Ю. Степанов 
210 |a Москва  |c Энергоатомиздат  |d 1988 
215 |a 216 с.  |c ил. 
320 |a Библиогр.: с. 203-214. 
606 1 |a Лазеры газовые  |2 stltpush  |3 (RuTPU)RU\TPU\subj\39823  |9 59728 
610 1 |a газоразрядные лазеры 
610 1 |a электроразрядные лазеры 
610 1 |a эксимерные лазеры 
610 1 |a галогениды 
610 1 |a инертные газы 
610 1 |a лазерное излучение 
610 1 |a управление 
675 |a 621.373.826.038.823  |v 3 
700 1 |a Баранов  |b В. Ю.  |g Владимир Юрьевич 
701 1 |a Борисов  |b В. М.  |g Владимир Михайлович 
701 1 |a Степанов  |b Ю. Ю.  |g Юрий Юрьевич 
801 1 |a RU  |b 63413507  |c 20140527 
801 2 |a RU  |b 63413507  |c 20150505  |g RCR 
942 |c BK